000 00867nas a2200277 4500
001 BR9904378
003 BR-BrBNA
005 20231205101544.0
007 ta
008 230509b bl.|||p| |||| 00| 00por d
040 _aBR-BrBNA
_bpor
_cBiblioteca Nacional de Agricultura
041 _a(Pt)
072 _aQ02; Q04
100 1 _aMoraes Neto, J.M. de
100 1 _aCirne, L.E. da M.R.
100 1 _aPedroza, J.P.
100 1 _aSilva, M.G. da
245 1 _aComponentes quimicos da farinha de banana (Musa sp.)obtida por meio de secagem natural
650 _aBanana
650 _aFarinha
650 _aSecagem
650 _aComposicao Quimica
773 0 _tRevista Brasileira de Engenharia Agricola e Ambiental (Brazil)
_xISSN 1415-4366
_g(Sep-Dec 1998), v. 2(3) p. 316-318
_wBR9904378
909 _a202311
_bLúcia
_c55
_dLúcia Elande
942 _2AGRIS
_n0
_cANA
999 _c162507
_d162507